Adèle Exarchopoulos - Statistiques

Statistiques générales
  • Ce quiz a été pris 106 fois
    82 depuis la dernière actualisation
  • Le résultat moyen est 13 sur 28
Statistiques - réponses
Par images Réponse % Correct
La Vie d'Adèle
98%
Bac Nord
85%
Le flambeau
85%
Voleuses
84%
L'amour ouf
82%
La flamme
80%
Mandibules
71%
Sibyl
65%
Rien à foutre
64%
Je verrai toujours vos visages
62%
Les cinq diables
53%
Le Règne animal
49%
Un métier sérieux
49%
Les enfants de Timpelbach
44%
La Rafle
40%
Eperdument
35%
Revenir
35%
Passages
33%
Boxes
31%
Des morceaux de moi
31%
Les Anarchistes
27%
Orpheline
25%
Qui vive
25%
Le fidèle
22%
The last face
18%
Noureev
15%
Voyage vers la mère
9%
Cet autre hiver
5%
Aucun quiz correspondant
Distribution des résultats
% des personnes avec chaque résultat
Percentile par nombre de réponses
Votre historique - résultats
Vous n’avez pas pris ce quiz depuis la dernière actualisation